| 000 | 00597nam a2200193 i 4500 | ||
|---|---|---|---|
| 001 | 38661 | ||
| 003 | ES-MaACL | ||
| 005 | 20250820063028.0 | ||
| 007 | t| | ||
| 008 | 030226s1964 sp ||||1| cat d | ||
| 100 | 1 |
_aCamões, Luís de, _d1524?-1580 _9181622 |
|
| 245 | 1 | 4 |
_aEls Lusiades / _cCamoes ; traducció poética por Guillem Colom i Miquel Dols. |
| 260 |
_aBarcelona : _bAlpha, _c1964. |
||
| 300 |
_a415 p. : _b1 retr. aut. ; _c21 cm. |
||
| 700 | 1 |
_aColom, Guillem. _939787 |
|
| 700 | 1 |
_aDols, Miquel. _945045 |
|
| 852 |
_aES-MaACL _jC-25157 _bR.53940 |
||
| 999 |
_c38661 _d38661 |
||